|
|
|
|
| LEADER |
00998cam a22003131a 4500 |
| 001 |
000033597 |
| 003 |
9781 |
| 005 |
20151020000000.0 |
| 008 |
151016s1993 000 eng |
| 041 |
|
|
|a eng
|
| 082 |
|
|
|a 420.30
|b FE-D
|
| 100 |
|
|
|a Ferguson, Donald L.
|
| 245 |
|
|
|a Journalsm Today!
|c Donald L.Ferguson
|
| 260 |
|
|
|c 1993
|
| 300 |
|
|
|a 434p. : ill ; 25cm
|
| 650 |
|
|
|a Donald L.Ferguson, Journalsm Today!, Social, 1993
|
| 852 |
|
|
|b Chuyên đề
|c Tiếng Anh tham khảo 1
|
| OWN |
|
|
|a LNN
|
| AVA |
|
|
|a UDN50
|b LNN
|d 420.30 FE-D
|e available
|t Error 5001 Not defined in file expand_doc_bib_avail.
|f 1
|g 0
|h N
|i 0
|k 1
|
| 999 |
|
|
|a From the UDN01
|
| AVA |
|
|
|a UDN50
|b LNN
|d 420.30 FE-D
|e available
|t Error 5001 Not defined in file expand_doc_bib_avail.
|f 1
|g 0
|h N
|i 0
|k 1
|
| TYP |
|
|
|a Monograph
|
| 980 |
|
|
|a Mạng thư viện Đại học Đà Nẵng
|